Normal view MARC view
  • Prentice Hall series in geographic information science

Entry Uniform Title

Number of records used in: 5

001 - CONTROL NUMBER

  • control field: 2093

003 - CONTROL NUMBER IDENTIFIER

  • control field: NUST

005 - DATE AND TIME OF LATEST TRANSACTION

  • control field: 20170606130631.0

008 - FIXED-LENGTH DATA ELEMENTS

  • fixed length control field: 170606|| aca||aabn | a|a d

040 ## - CATALOGING SOURCE

  • Original cataloging agency: NUST
  • Transcribing agency: NUST

130 ## - HEADING--UNIFORM TITLE

  • Uniform title: Prentice Hall series in geographic information science

670 ## - SOURCE DATA FOUND

  • Source citation: Work cat.: (NUST)0: Jensen, John R., 1949- 2092, Remote sensing of the environment :, 2000.
© 2023 Central Library, National University of Sciences and Technology. All Rights Reserved.